00558cam a2200169 a 450000100100000000500170001000800410002704000350006808200200010310000410012324500700016426000490023430000180028358600250030165000300032665000320035600000489320200929151528.0850410s1984 pr 000 p spa  aDO-SdBNPdspacDLCdDLCdBNPHU aPR861.44bR173s1 aRamírez Córdova, Antonio,d1941-10aSi la violeta cayese de tus manos /cAntonio Ramírez Córdova. aRío Piedra, Puerto Rico :bMairena,c1984. a113 ;c22 cm. aPremio Mairena, 1983 4aPoesía puertorriqueña 4aLiteratura puertorriqueña